Biggest Cities in the United States in 1920 - Statistics

General Stats
  • This quiz has been taken 15 times
  • The average score is 82 of 100
Answer Stats
Population State City % Correct
200,616 GA Atlanta
100%
733,826 MD Baltimore
100%
178,806 AL Birmingham
100%
748,060 MA Boston
100%
506,775 NY Buffalo
100%
2,701,705 IL Chicago
100%
401,247 OH Cincinnati
100%
796,841 OH Cleveland
100%
237,031 OH Columbus
100%
158,976 TX Dallas
100%
256,491 CO Denver
100%
993,078 MI Detroit
100%
138,276 TX Houston
100%
314,194 IN Indianapolis
100%
324,410 MO Kansas City
100%
101,177 KS Kansas City
100%
575,673 CA Los Angeles
100%
234,891 KY Louisville
100%
162,351 TN Memphis
100%
456,147 WI Milwaukee
100%
380,582 MN Minneapolis
100%
118,342 TN Nashville
100%
387,219 LA New Orleans
100%
5,620,048 NY New York
100%
191,601 NE Omaha
100%
1,823,779 PA Philadelphia
100%
588,343 PA Pittsburgh
100%
258,288 OR Portland
100%
171,667 VA Richmond
100%
234,698 MN Saint Paul
100%
506,676 CA San Francisco
100%
315,312 WA Seattle
100%
772,897 MO St. Louis
100%
474,571 DC Washington
100%
208,435 OH Akron
93%
113,344 NY Albany
93%
298,103 NJ Jersey City
93%
414,524 NJ Newark
93%
237,595 RI Providence
93%
161,379 TX San Antonio
93%
74,683 CA San Diego
93%
243,164 OH Toledo
93%
126,468 IA Des Moines
86%
138,036 CT Hartford
86%
77,818 TN Knoxville
86%
162,537 CT New Haven
86%
216,261 CA Oakland
86%
91,295 OK Oklahoma City
86%
295,750 NY Rochester
86%
118,110 UT Salt Lake City
86%
83,252 GA Savannah
86%
104,437 WA Spokane
86%
171,717 NY Syracuse
86%
72,217 KS Wichita
86%
143,555 CT Bridgeport
79%
152,559 OH Dayton
79%
77,560 TX El Paso
79%
93,372 PA Erie
79%
91,599 MI Flint
79%
106,482 TX Fort Worth
79%
137,634 MI Grand Rapids
79%
81,558 FL Jacksonville
79%
96,965 WA Tacoma
79%
72,075 OK Tulsa
79%
110,168 DE Wilmington
79%
179,754 MA Worcester
79%
87,091 OH Canton
71%
98,917 MN Duluth
71%
86,549 IN Fort Wayne
71%
75,917 PA Harrisburg
71%
78,384 NH Manchester
71%
137,783 PA Scranton
71%
129,614 MA Springfield
71%
119,289 NJ Trenton
71%
94,156 NY Utica
71%
132,358 OH Youngstown
71%
109,694 MA Cambridge
64%
116,309 NJ Camden
64%
95,783 NJ Elizabeth
64%
85,264 IN Evansville
64%
94,270 MA Lawrence
64%
112,759 MA Lowell
64%
115,777 VA Norfolk
64%
135,875 NJ Paterson
64%
91,715 CT Waterbury
64%
73,833 PA Wilkes-Barre
64%
100,176 NY Yonkers
64%
73,502 PA Allentown
57%
99,148 MA Lynn
57%
121,217 MA New Bedford
57%
76,121 IL Peoria
57%
107,784 PA Reading
57%
88,723 NY Schenectady
57%
71,227 IA Sioux City
57%
70,983 IN South Bend
57%
77,939 MO St. Joseph
57%
120,485 MA Fall River
50%
71,996 NY Troy
50%
76,754 NJ Bayonne
43%
93,091 MA Somerville
43%
No matching quizzes found
Score Distribution
Percent of People with Each Score
Percentile by Number Answered
Your Score History
You have not taken this quiz